[Event "I'll have one with black"]
[Site "http://www.queenalice.com/game.php?id=270348"]
[Date "2007.9.11"]
[Round "-"]
[White "Lightningzap007"]
[Black "davison137"]
[Result "1-0"]
[WhiteElo "1586"]
[BlackElo "1499"]

1. e4 c5 2. Nf3 g6 3. c3 Bg7 4. d4 cxd4 5. cxd4 d6 6. Nc3 Bg4 7. Be3 Nd7 8. h3
Bxf3 9. Qxf3 Ngf6 10. Bb5 a6 11. Ba4 b5 12. Bb3 O-O 13. h4 h5 14. Nd5 Rc8 15.
Rd1 Nxd5 16. Bxd5 Rc2 17. Rd2 Rxd2 18. Kxd2 Qa5+ 19. Kd3 e6 20. Bb3 Rc8 21. Bd2
Qb6 22. Be3 b4 23. Ba4 1-0

[Event "AUTO-OPEN-826"]
[Site "http://www.queenalice.com/game.php?id=270423"]
[Date "2007.9.12"]
[Round "1"]
[White "welton"]
[Black "davison137"]
[Result "0-1"]
[WhiteElo "1549"]
[BlackElo "1487"]

1. c3 e5 2. d4 exd4 3. Qxd4 Nf6 4. Bg5 Be7 5. e3 Nc6 6. Qc4 d5 7. Qb3 O-O 8. Bb5
a6 9. Bxc6 bxc6 10. Nf3 Bd7 11. Nbd2 h6 12. Bxf6 Bxf6 13. O-O Bf5 14. Rfd1 Rb8
15. Qa3 Qc8 16. c4 Bxb2 17. Qxb2 Rxb2 18. cxd5 cxd5 19. Nb3 c6 20. Ne5 Be4 21.
Nc5 Qf5 22. Nf3 Bxf3 23. gxf3 Qxf3 24. Nd3 Rb7 25. Ne5 Qf6 26. Ng4 Qg5 27. h3 f5
28. f3 fxg4 29. hxg4 Rxf3 30. Rd4 Qxe3+ 0-1

[Event "AUTO-OPEN-826"]
[Site "http://www.queenalice.com/game.php?id=270424"]
[Date "2007.9.12"]
[Round "1"]
[White "davison137"]
[Black "welton"]
[Result "1-0"]
[WhiteElo "1369"]
[BlackElo "1547"]

1. e4 Nf6 2. e5 Ne4 3. d4 d6 4. f3 Nf2 5. Kxf2 a6 6. exd6 Qxd6 7. Be3 Nc6 8. Bc4
Qb4 9. Bb3 Bf5 10. c3 Qd6 11. Nd2 Rd8 12. Ne2 e5 13. dxe5 Nxe5 14. g4 Nd3+ 15.
Kg2 Nxb2 16. Qe1 Qc6 17. gxf5 Qxc3 18. Nxc3 Nd3 19. Qe2 b6 20. Bg5+ Kd7 21.
Qxd3+ 1-0

[Event "AUTO-OPEN-826"]
[Site "http://www.queenalice.com/game.php?id=270445"]
[Date "2007.9.12"]
[Round "1"]
[White "Prates"]
[Black "davison137"]
[Result "0-1"]
[WhiteElo "1367"]
[BlackElo "1562"]

1. Nf3 Nf6 2. c3 g6 3. d3 Bg7 4. Qb3 O-O 5. g3 Nc6 6. Bg5 b6 7. Bg2 Bb7 8. O-O
h6 9. Bxf6 Bxf6 10. Na3 a6 11. Rad1 Bg7 12. Nd2 Rb8 13. Bxc6 Bxc6 14. d4 d5 15.
c4 Bxd4 16. Nf3 Bg7 17. cxd5 Bb7 18. e4 Qd6 19. Nc4 Qc5 20. Rc1 Qb5 21. Qxb5
axb5 22. Nce5 Rbc8 23. a3 Kh7 24. Nd7 Rfd8 25. Nfe5 f6 26. Nxb6 cxb6 27. Rxc8
Rxc8 28. Nd7 Rc4 29. Nxb6 Rxe4 0-1

[Event "AUTO-OPEN-826"]
[Site "http://www.queenalice.com/game.php?id=270446"]
[Date "2007.9.12"]
[Round "1"]
[White "davison137"]
[Black "Prates"]
[Result "1-0"]
[WhiteElo "1553"]
[BlackElo "1376"]

1. e4 Nf6 2. e5 Ng4 3. Qxg4 d6 4. Qd1 dxe5 5. Nc3 c6 6. Nf3 Bg4 7. Be2 Bxf3 8.
Bxf3 Na6 9. d3 e6 10. O-O Bd6 11. Be3 Bb4 12. Bd2 O-O 13. Re1 f6 14. a3 Bxc3 15.
Bxc3 Rc8 16. b4 Nc7 17. Bd2 Nb5 18. Be3 a6 19. a4 Nc3 20. Qd2 Nd5 21. Bc5 Rf7
22. d4 b6 23. dxe5 bxc5 24. exf6 Rxf6 25. bxc5 Nf4 26. Qxd8+ Rxd8 27. Bxc6 Rc8
28. Bb7 Rxc5 29. Bxa6 Rxc2 30. Bb5 Nd5 31. Bd7 1-0

[Event "AUTO-OPEN-826"]
[Site "http://www.queenalice.com/game.php?id=270459"]
[Date "2007.9.12"]
[Round "1"]
[White "davison137"]
[Black "rafaeldias"]
[Result "0-1"]
[WhiteElo "1476"]
[BlackElo "1655"]

1. e4 e5 2. Nf3 Nc6 3. Bb5 Nce7 4. Nxe5 c6 5. Be2 d5 6. exd5 Qxd5 7. Nf3 Ng6 8.
d4 Be7 9. O-O h5 10. Be3 h4 11. h3 Nf6 12. c4 Qe6 13. Nc3 Ne4 14. Nxe4 Qxe4 15.
Re1 Bd6 16. Bf1 O-O 17. Bg5 Qf5 18. Bd3 Qd7 19. Bxg6 fxg6 20. Nxh4 Qf7 21. Qe2
c5 22. d5 Bd7 23. Qc2 Bf5 24. Nxf5 gxf5 25. Re6 Qc7 26. Rae1 Rae8 27. Rxe8 Rxe8
28. Rxe8+ Kf7 0-1

[Event "AUTO-OPEN-826"]
[Site "http://www.queenalice.com/game.php?id=270460"]
[Date "2007.9.12"]
[Round "1"]
[White "rafaeldias"]
[Black "davison137"]
[Result "1-0"]
[WhiteElo "1664"]
[BlackElo "1467"]

1. e4 c5 2. b3 d6 3. Nf3 Nc6 4. Bb5 Bd7 5. O-O Nf6 6. Bxc6 Bxc6 7. d3 g6 8. Bb2
Bg7 9. Re1 O-O 10. e5 Ne8 11. a4 a5 12. Nh4 dxe5 13. Bxe5 Bxe5 14. Rxe5 Qd4 15.
Re4 Bxe4 16. c3 Qxd3 17. Qxd3 Bxd3 18. Nd2 Nd6 19. Re1 e6 20. f3 c4 21. Re3 g5
22. bxc4 Bxc4 23. g3 gxh4 24. gxh4 Ba6 25. h5 Rfd8 26. Re5 Nc4 27. Rg5+ Kh8 28.
Ne4 Rg8 29. Rxg8+ 1-0

[Event "AUTO-OPEN-841"]
[Site "http://www.queenalice.com/game.php?id=276560"]
[Date "2007.9.24"]
[Round "1"]
[White "dlabedz"]
[Black "davison137"]
[Result "1-0"]
[WhiteElo "1435"]
[BlackElo "1415"]

1. d4 Nf6 2. d5 d6 3. c4 g6 4. Nc3 Bg7 5. e4 O-O 6. h4 c6 7. Nf3 Bg4 8. Be2 Nbd7
9. Be3 c5 10. Bd2 a6 11. O-O Rb8 12. g3 Bxf3 13. Bxf3 b5 14. cxb5 axb5 15. a3
Ne5 16. Be2 b4 17. Na4 Nxe4 18. Bf4 Qa5 19. axb4 Qxb4 20. Kg2 f5 21. f3 Nf6 22.
Ra2 Ra8 23. Qc2 Nxd5 24. Bd2 1-0

[Event "AUTO-OPEN-841"]
[Site "http://www.queenalice.com/game.php?id=276561"]
[Date "2007.9.24"]
[Round "1"]
[White "davison137"]
[Black "dlabedz"]
[Result "0-1"]
[WhiteElo "1400"]
[BlackElo "1450"]

1. e4 d5 2. exd5 Qxd5 3. Nc3 Qe6+ 4. Be2 Bd7 5. Nf3 Bc6 6. O-O h6 7. d4 Qg6 8.
Be3 f6 9. Nh4 Qf7 10. Bh5 g6 11. Bxg6 Qxg6 12. Nxg6 Rh7 13. Nxf8 Kxf8 14. f3 e6
15. Ne4 f5 16. Nc5 h5 17. h4 Rg7 18. Nxe6+ Kf7 19. Nxg7 Kxg7 20. c4 b6 21. d5
Bd7 22. Bd4+ Kg6 23. Qe1 c5 24. dxc6 Bxc6 0-1

[Event "AUTO-OPEN-850"]
[Site "http://www.queenalice.com/game.php?id=279884"]
[Date "2007.10.1"]
[Round "1"]
[White "davison137"]
[Black "Quelentaro"]
[Result "0-1"]
[WhiteElo "1578"]
[BlackElo "1599"]

1. e4 c5 2. Nf3 d6 3. d4 g6 4. Nc3 Bg7 5. Be3 Bg4 6. Be2 Nc6 7. d5 Nb4 8. O-O
Nf6 9. a3 Na6 10. h3 Bd7 11. Nh2 O-O 12. f4 Qb6 13. Rb1 Nc7 0-1

[Event "AUTO-OPEN-850"]
[Site "http://www.queenalice.com/game.php?id=279885"]
[Date "2007.10.1"]
[Round "1"]
[White "Quelentaro"]
[Black "davison137"]
[Result "1-0"]
[WhiteElo "1614"]
[BlackElo "1563"]

1. e4 c5 2. Nf3 g6 3. Bc4 Bg7 4. O-O d6 5. Nc3 Nc6 6. Ng5 Nh6 7. d3 O-O 8. f4
Ng4 9. h3 Bd4+ 10. Kh1 Nf2+ 11. Rxf2 Bxf2 12. f5 Bd4 13. Nd5 h6 14. fxg6 1-0

[Event "AUTO-OPEN-850"]
[Site "http://www.queenalice.com/game.php?id=279886"]
[Date "2007.10.1"]
[Round "1"]
[White "davison137"]
[Black "Rusty"]
[Result "0-1"]
[WhiteElo "1478"]
[BlackElo "2402"]

1. e4 e5 2. Nf3 Nc6 3. d4 exd4 4. Nxd4 Nf6 5. Nxc6 bxc6 6. e5 Qe7 7. Qe2 Nd5 8.
c4 Ba6 9. b3 O-O-O 10. Ba3 Qg5 11. h4 Qf4 12. g3 Qd4 13. Bb2 Bb4+ 14. Nd2 Qxb2
15. Rd1 Nc3 0-1

[Event "AUTO-OPEN-850"]
[Site "http://www.queenalice.com/game.php?id=279887"]
[Date "2007.10.1"]
[Round "1"]
[White "Rusty"]
[Black "davison137"]
[Result "1-0"]
[WhiteElo "2399"]
[BlackElo "1580"]

1. d4 Nf6 2. c4 g6 3. Nc3 Bg7 4. e4 d6 5. Nf3 O-O 6. Be2 Bg4 7. Be3 Nbd7 8. O-O
a6 9. Rc1 Rc8 10. Qb3 b6 11. h3 Bxf3 12. Bxf3 c5 13. d5 Ne5 14. Be2 h6 15. f4
1-0

[Event "AUTO-OPEN-850"]
[Site "http://www.queenalice.com/game.php?id=279888"]
[Date "2007.10.1"]
[Round "1"]
[White "davison137"]
[Black "bmax1968"]
[Result "0-1"]
[WhiteElo "1480"]
[BlackElo "2044"]

1. e4 d6 2. d4 Nf6 3. Nc3 g6 4. f3 Bg7 5. Be3 O-O 6. Bc4 Nbd7 7. a3 c5 8. Nge2
cxd4 9. Nxd4 Ne5 10. Bb3 Bd7 11. Qd2 Qa5 12. O-O-O b5 13. h4 Rab8 14. g4 b4 15.
Nb1 Nxf3 16. Nxf3 Nxe4 17. Qd5 Qxd5 18. Rxd5 Bxg4 19. Ng5 bxa3 20. Nxa3 Ng3 21.
Re1 Rfc8 22. Rd3 Bf5 23. Bxf7+ Kf8 24. Rb3 h6 25. Be6 Rd8 26. Bxf5 hxg5 27. Bxg6
Rxb3 28. cxb3 gxh4 29. Bg5 Rc8+ 30. Kb1 Bf6 31. Bxf6 exf6 32. Nc4 h3 33. Nxd6
Rc5 34. Re8+ Kg7 35. Ne4 h2 36. Nxg3 Kxg6 37. Rh8 Rg5 38. Rg8+ Kf7 39. Rxg5 fxg5
0-1

[Event "AUTO-OPEN-850"]
[Site "http://www.queenalice.com/game.php?id=279889"]
[Date "2007.10.1"]
[Round "1"]
[White "bmax1968"]
[Black "davison137"]
[Result "1-0"]
[WhiteElo "2042"]
[BlackElo "1489"]

1. c4 Nf6 2. Nc3 c5 3. g3 g6 4. Bg2 Nc6 5. Nf3 Bg7 6. O-O O-O 7. d4 cxd4 8. Nxd4
a6 9. Bg5 Qb6 10. Nxc6 dxc6 11. Na4 Qd8 12. Qxd8 Rxd8 13. Nb6 Rb8 14. Bf4 Bf5
15. Bxb8 Rxb8 16. Rfe1 Rd8 17. Rad1 Rxd1 18. Rxd1 h5 19. Rd8+ Kh7 20. Rb8 Ne4
21. Rxb7 Bxb2 22. Rxe7 Nd6 23. Bxc6 Bd4 24. Nd7 Nxc4 25. Rxf7+ Kg8 26. Bd5 Nd6
27. Rxf5+ 1-0

[Event "AUTO-OPEN-870"]
[Site "http://www.queenalice.com/game.php?id=288465"]
[Date "2007.10.18"]
[Round "1"]
[White "ricardosf"]
[Black "davison137"]
[Result "1-0"]
[WhiteElo "1378"]
[BlackElo "1451"]

1. Nc3 c5 2. d3 Nf6 3. Bf4 d6 4. Ne4 Nxe4 5. dxe4 Nc6 6. Qd5 Be6 7. Qg5 h6 8.
Qh4 g6 9. g4 Bg7 10. g5 hxg5 11. Qxg5 1-0

[Event "AUTO-OPEN-870"]
[Site "http://www.queenalice.com/game.php?id=288466"]
[Date "2007.10.18"]
[Round "1"]
[White "davison137"]
[Black "ricardosf"]
[Result "0-1"]
[WhiteElo "1432"]
[BlackElo "1397"]

1. e4 d5 2. exd5 h5 3. c4 c6 4. dxc6 bxc6 5. d4 Bg4 6. Be2 Bxe2 7. Nxe2 Nd7 8.
O-O Ngf6 9. f3 e5 10. Re1 exd4 0-1

[Event "AUTO-OPEN-870"]
[Site "http://www.queenalice.com/game.php?id=288477"]
[Date "2007.10.18"]
[Round "1"]
[White "davison137"]
[Black "Bobtzu"]
[Result "0-1"]
[WhiteElo "1459"]
[BlackElo "2066"]

1. e4 d5 2. exd5 Qxd5 3. Nc3 Qa5 4. d4 c6 5. Nf3 Nf6 6. Bc4 Bf5 7. Bd2 Qb6 8.
Bb3 e6 9. O-O Nbd7 10. Re1 Bd6 11. h3 O-O 0-1

[Event "AUTO-OPEN-870"]
[Site "http://www.queenalice.com/game.php?id=288478"]
[Date "2007.10.18"]
[Round "1"]
[White "Bobtzu"]
[Black "davison137"]
[Result "1-0"]
[WhiteElo "2068"]
[BlackElo "1457"]

1. e4 c5 2. Nf3 g6 3. c3 Bg7 4. d4 cxd4 5. cxd4 d6 6. Qa4+ Bd7 7. Bb5 Nc6 8. Nc3
a6 9. Bxc6 Bxc6 10. Qb3 Nf6 11. d5 Bd7 12. Qxb7 O-O 13. O-O 1-0